Missing Word: 1988 Movies Quiz Stats

 Plays Quiz Updated Aug 14, 2016

Challenge
Share
Tweet
Embed
Score 0/20 Timer 04:00
0 Plays Today
Hint Answer % Correct
Die ________Hard
99.3%
A _____ Called WandaFish
96.1%
Who ______ Roger RabbitFramed
95.6%
Dirty ________ ScoundrelsRotten
93.6%
The Land ______ TimeBefore
89.9%
Coming to ______America
88.5%
______ LiaisonsDangerous
85.9%
Child's ______Play
84%
______ PizzaMystic
80.7%
_______ to the MobMarried
75.6%
Hint Answer % Correct
Working ______Girl
75.1%
Young ______Guns
53.8%
The Unbearable ______ of BeingLightness
52.4%
_______ & CompanyOliver
52.3%
______ ManRain
47%
Above the ______Law
46.2%
Midnight ______Run
45.1%
_______ ParadisoCinema
38.1%
My ________ TotoroNeighbor
27.6%
______ of the FirefliesGrave
16%

Today's Daily Dose

Missing Word
Biopics

Word Ladder
Food Idioms

Quick Pick
Diets

On This Day
December 18th II

You're not logged in!

Compare scores with friends on all Sporcle quizzes.
OR
Log In

You Might Also Like...

Show Comments

Extras

Top Quizzes Today


Score Distribution

Your Account Isn't Verified!

In order to create a playlist on Sporcle, you need to verify the email address you used during registration. Go to your Sporcle Settings to finish the process.

Report this User

Report this user for behavior that violates our Community Guidelines.

Details: